00799nam a2200229Ia 450000500170000000800410001702000150005805000210007310000280009424000430012224500890016526000470025430000190030133600100032033700140033033800120034450000480035650500970040465000210050165000170052270000300053920231102151512.0121101s19761979mx f 000 0 spa d a9684582080 aHD31bC3518 197910aCaplow, TheodoreeAutor aHow to run any organizationlEspañol10aComo conducir cualquier negociob : manual de sociologia practicac/ Theodore caplow aMéxico :bLasser prees Mexicana,cc1979  a201 páginas  aTexto aSin medio aVolumen aTraduccion de: how to run any organization 1 aContenido Introducción La autoridad La comunicación La productividad La moral El cambio14aADMINISTRACIÓN24aORGANIZACION10aUtrilla, Juan Joséetr.